000 00418 a2200157 4500
000 BKB
001 070633
005 20200902150848.0
008
082 _a338.09
_bJ56W
100 1 _aN. Jinender Kumar
245 1 _aManagement thinkers
_cby N. Jinender Kumar
260 _aNew Delhi
_bRegal Publication
_c2010
300 _a189p.
690 _aBusiness consultants
999 _c4064
_d4064